England National Football Team Players: D - Statistics

General Stats
  • This quiz has been taken 11 times
  • The average score is 14 of 49
Answer Stats
Caps Goals First Cap Last Cap Player % Correct
16 18 1927 1932 Dixie Dean
78%
1 0 2002 2002 David Dunn
67%
8 4 1985 1986 Kerry Dixon
67%
1 0 2010 2010 Kevin Davies
67%
22 1 1990 1999 Lee Dixon
67%
4 2 1883 1892 Arthur Dunn
56%
2 1 1904 1904 George Davis
56%
3 1 1903 1903 Harry Davis
56%
1 0 1885 1885 John Dixon
56%
4 0 2010 2011 Michael Dawson
56%
1 1 1938 1938 Ronnie Dix
56%
57 20 2004 2019 Jermaine Defoe
44%
2 0 1921 1922 Jerry Dawson
44%
48 0 1949 1956 Jimmy Dickinson
44%
7 0 1991 1992 Tony Daley
44%
15 0 1989 1993 Tony Dorigo
44%
4 0 1882 1884 Alfred Dobson
33%
3 0 1991 1992 Brian Deane
33%
36 11 1957 1963 Bryan Douglas
33%
1 0 1886 1886 Charles Dobson
33%
4 0 1998 1998 Dion Dublin
33%
49 3 2015 2022 Eric Dier
33%
5 0 1974 1974 Martin Dobson
33%
1 0 1922 1922 Teddy Davison
33%
3 0 2016 2016 Danny Drinkwater
22%
20 0 2014 2019 Fabian Delph
22%
2 2 1885 1890 Kenny Davenport
22%
1 0 1985 1985 Peter Davenport
22%
3 2 1906 1906 Samuel Day
22%
35 0 2005 2014 Stewart Downing
22%
5 6 1934 1938 Ted Drake
22%
8 0 1980 1983 Alan Devonshire
11%
1 0 1920 1920 Dickie Downs
11%
9 11 1886 1889 Fred Dewhurst
11%
1 0 1895 1895 Gerard Dewhurst
11%
3 0 1921 1926 Jimmy Dimmock
11%
33 0 1999 2007 Kieron Dyer
11%
6 0 2018 2024 Lewis Dunk
11%
2 0 1959 1959 Norman Deeley
11%
6 1 1910 1920 Andy Ducat
0%
4 1 1924 1925 Arthur Dorrell
0%
1 0 1923 1923 Graham Doggart
0%
5 3 1889 1892 Harry Daft
0%
2 1 1892 1894 Jack Devey
0%
5 0 1976 1977 Mike Doyle
0%
10 0 1983 1984 Mike Duxbury
0%
3 0 1883 1883 Percy de Paravicini
0%
6 0 1948 1956 Ted Ditchburn
0%
1 0 1885 1885 Thomas Danks
0%
No matching quizzes found
Score Distribution
Percent of People with Each Score
Percentile by Number Answered
Your Score History
You have not taken this quiz